000 01278 a2200277 4500
003 AR-FvUNAJ
005 20251203143304.0
008 190814b ||||| |||| 00| 0 spa d
022 _a2250-7558
040 _cAR-FvUNAJ
100 1 _98188
_aZarza, Alejandra
245 0 0 _aDelitos contra el orden económico y financiero en el Anteproyecto del Código Penal :
_banálisis político-criminal /
_cAlejandra Zarza .
260 _aBuenos Aires :
_bSAIJ ; Ministerio de Justicia y Derechos Humanos de la Nación ,
_c2015 .
300 _ap. 177 - 190
310 _aTrimestral
362 _aAño III, No. 9 (abr. 2015)
650 2 7 _2saij
_95315
_aDELITOS ECONÓMICOS
650 2 7 _2saij
_98175
_aANTEPROYECTO DEL CÓDIGO PENAL DE LA NACIÓN
650 2 7 _2saij
_98189
_aFRAUDES AL COMERCIO Y A LA INDUSTRIA
653 2 7 _aDESABASTECIMIENTO
710 1 _a Argentina.
_bMinisterio de Justicia de la Nación
_914971
773 0 _x2250-7558
_tDerecho penal /
_dBuenos Aires : SAIJ ; Ministerio de Justicia y Derechos Humanos de la Nación , 2012 - 2015
856 4 1 _uhttp://www.saij.gob.ar/alejandra-zarza-delitos-contra-orden-economico-financiero-anteproyecto-codigo-penal-dacf150701-2015-04/123456789-0abc-defg1070-51fcanirtcod
942 _2ddc
_cANA
980 _82
_gVirginia Figueroa
999 _c4983
_d4983